| 000 | 00398nam a2200157Ia 4500 | ||
|---|---|---|---|
| 008 | 230524s9999 xx 000 0 und d | ||
| 082 |
_a621.3892 _bBAN |
||
| 100 | _aM.N.Bandyopadhyay | ||
| 245 | 0 | _a"Electrical Power Systems,Theory and Practice" | |
| 250 | _a1ST | ||
| 260 |
_aNEW DELHI _bPHI _c2006 |
||
| 300 | _aXIV;580 | ||
| 500 | _aQuantity Number: 2 | ||
| 650 | _aElectrical | ||
| 942 | _cBK | ||
| 999 |
_c36092 _d36092 |
||